Statistiken für Länder-Thematisierungen: Achterbahnen

Klicken Sie hier um das Quiz zu spielen!

Allgemein

  • Dieses Quiz wurde 67 mal gespielt
  • Das Durchschnittsergebnis liegt bei 8 aus 15

Antwortstatistiken

HintAntwort% Korrekt
PoseidonGriechenland
82%
ToutatisFrankreich
75%
Matterhorn BobsledsSchweiz
75%
Big Thunder Mountain RailroadVereinigte Staaten
67%
Alpenexpress EnzianÖsterreich
61%
OzIrisÄgypten
56%
F.L.Y.Deutschland
53%
blue Fire MegacoasterIsland
47%
Flug der DämonenRumänien
47%
Baron 1898Niederlande
46%
Flucht von NovgorodRussland
42%
Crush’s CoasterAustralien
40%
Jaguar!Mexiko
26%
Ba-a-a ExpressIrland
25%
Der Schwur des KärnanSchweden
19%

Verteilung der Resultate

Perzentil nach korrekt beantworteten Fragen

Anzahl Personen mit jedem Resultat

Ihre Resultats-Entwicklung

Sie haben dieses Quiz noch nicht gespielt